Marketingové komunikačné stratégie vo vinárskych podnikoch

Možnosti využívania marketingových komunikačných stratégií vo vinárskych podnikoch v porovnaní so všeobecnými možnosťami.

Enregistré dans:
Détails bibliographiques
Auteur principal: Coskun, Lucia
Autres auteurs: Herzka, Pavel, Tomlain, Juraj
Format: Chapitre de livre
Langue:slovaque
Sujets:
Tags: Ajouter un tag
Pas de tags, Soyez le premier à ajouter un tag!

MARC

LEADER 00000nla a2200000 4500
001 0205540
005 20240417075058.7
041 0 |a slo 
044 |a SK 
245 1 0 |a Marketingové komunikačné stratégie vo vinárskych podnikoch  |c Lucia Coskun, Pavel Herzka, Juraj Tomlain 
520 |a Možnosti využívania marketingových komunikačných stratégií vo vinárskych podnikoch v porovnaní so všeobecnými možnosťami. 
610 2 0 |a priemysel vinársky 
610 2 0 |a víno 
610 2 0 |a komunikácia marketingová 
610 2 0 |a marketing 
100 1 |a Coskun, Lucia 
700 1 |a Herzka, Pavel 
700 1 |a Tomlain, Juraj